000 00416 a2200157 4500
999 _c5461
_d5461
020 _a9780071270311
050 _aR726.7TAY2009
100 _aTaylor,Shelley E
_eauthor
245 _aHealthy Psychology /
_cShelley E.Taylor
264 _aBoston:
_bMc GrawHill,
_c2009
300 _a552p. :
500 _aincludes index
650 _a Medical ethics.
650 _aBehavioral Medicine.
942 _2lcc
_cBK
_h7267
_iTAY
_kR